000 01690nad a22002775a 4500
008 180904t20240724xxk g 000 0 eng d
041 0 _aeng
110 _aProperty Research Trust
_96343
245 0 4 _aThe impact of institutional frameworks on the ESG strategies of global publicly listed real estate
_h[electronic resource]
260 _bProperty Research Trust
_cJuly 2024
300 _a87p.
520 _aReal estate plays a critical role in advancing sustainable development, necessitating that companies within the sector implement environmental, social, and governance (ESG) strategies. Globally, governments have introduced policies to promote initiatives, including emissions trading systems (ETS), carbon taxes (CT), green building certifications, and ESG reporting requirements, reflecting a growing interest in ESG among international real estate investors and stakeholders. This report explores the convergence of ESG performance, institutional frameworks – particularly environmental regulations such as ETS – and financial outcomes within the real estate sector.
650 _aCARBON TAXES
650 _aESG
650 _aGREEN BUILDING CERTIFICATIONS
650 _aSUSTAINABILITY
650 _aSUSTAINABLE DEVELOPMENT
651 4 _aInternational
690 _aInvestments
_96250
690 _aEnvironment
_96238
700 1 _aLee, Chyi Lin
700 1 _aLiang, Jian
710 _aProperty Research Trust
_96343
856 4 0 _uhttps://www.propertyresearchtrust.org/uploads/1/3/4/8/134819607/the_impact_of_institutional__frameworks_on_the_esg__strategies_of_global__publicly_listed_real_estate.pdf
_zView via the Property Research Trust
942 _n0
_2ddc
999 _c121975
_d121975